Klikać miasto - Statystyki

Ogólne statystyki
  • Ten quiz został rozwiązany 59 razy
  • Średni wynik to 10 z 12
Statystyki odpowiedzi
Hint Odpowiedź % Poprawnych
Bruxelles po polsku Bruksela
96%
Pierwsza stolica Polski Gniezno
96%
Miasto w Niemczech na ,,O'' w którym jest skocznia narciarska Obersdorf
96%
Największe miasto Danii Kopenhaga
93%
Miasto z tablicą rejerstracyjną RZ Rzeszów
93%
Stolica wojewódzstwa kujawsko-pomorskiego Bydgoszcz
91%
Miejscowość w Polsce z najkrótszą nazwą
91%
Najmniejsze miasto w Polsce Opatowiec
82%
Miasto w którym urodził się Messi Rosario
82%
Najmniejsze miasto w Europie (2018r. - 28 mieszkańców) Hum
64%
Najczęściej odwiedzane miasto Omanu Maskat
62%
W jakim mieście mieszka Cristiano Ronaldo? Rijad
53%
Nie znaleziono quizów pasujących do podanych kryteriów
Rozkład punktacji
Procent ludzi z każdym wynikiem
Percentyl według liczby udzielonych odpowiedzi
Twoja historia wyników
Nie rozwiązałeś tego quizu